| 000 | 00622nam 22002053 4500 | ||
|---|---|---|---|
| 001 | 202856 | ||
| 010 | _a85-280-0103-2 | ||
| 090 | _a202856 | ||
| 100 | _a20260703d u||y0pory50 ba | ||
| 200 |
_aUm caso sem importância _fCunha de Leiradella |
||
| 210 |
_aPorto Alegre _cMercado Aberto _d1989 |
||
| 215 |
_a104 p. _cbrochado _d21 cm |
||
| 225 |
_aSérie Novelas _v46 |
||
| 300 | _aContém dedicatória na folha de rosto | ||
| 606 |
_96 _aLiteratura Portuguesa |
||
| 675 |
_a821.134.3-3"19" _vPT _zpor |
||
| 700 |
_917704 _aLeiradella _bCunha de _f1934- |
||
| 801 |
_aPT _bBMMN _gRPC |
||
| 830 |
_cAna Falardo _fAna Falardo |
||
| 990 | _cLIVROS | ||